[Event "SWE-chT 1819 Elite"]
[Site "Sweden"]
[Date "2018.11.10"]
[Round "2.5"]
[White "Backelin, Rikard"]
[Black "Seo, Jung Min"]
[Result "0-1"]
[WhiteElo "2354"]
[BlackElo "2369"]
[PlyCount "58"]
[EventDate "2018.11.09"]
[EventType "team-tourn"]
[EventRounds "9"]
[EventCountry "SWE"]
[SourceTitle "CBM 187 Extra"]
[Source "ChessBase"]
[SourceDate "2018.11.04"]
[SourceVersion "1"]
[SourceVersionDate "2018.11.04"]
[SourceQuality "1"]
[WhiteTeam "Farsta"]
[BlackTeam "Stockholm CC"]
[WhiteTeamCountry "SWE"]
[BlackTeamCountry "SWE"]

1. d4 Nf6 2. Bf4 b6 3. e3 Bb7 4. Nd2 e6 5. Ngf3 g6 6. Bd3 d5 7. Qe2 Bg7 8. h4 Nbd7 9. Ne5 a6 10. Nxd7 Nxd7 11. Nf3 h6 12. e4 c5 13. exd5 Bxd5 14. Be4 Bxe4 15. Qxe4 0-0 16. 0-0-0 cxd4 17. Ne5 Nf6 18. Qxd4 Qxd4 19. Rxd4 Nd5 20. Bg3 b5 21. Re1 Rac8 22. f3 Rfd8 23. Re2 h5 24. Rd1 Bh6+ 25. Rdd2 Bxd2+ 26. Rxd2 Ne3 27. Nd7 Rxd7 28. Rxd7 Rxc2+ 29. Kb1 Rxg2 0-1

[Event "SWE-chT 1718 Elite"]
[Site "Sweden"]
[Date "2018.02.24"]
[Round "6"]
[White "Backelin, Rikard"]
[Black "Kenneskog, Theodor"]
[Result "1/2-1/2"]
[WhiteElo "2329"]
[BlackElo "2309"]
[PlyCount "45"]
[EventDate "2017.10.20"]
[EventType "team-tourn"]
[EventRounds "9"]
[EventCountry "SWE"]
[SourceTitle "EXT 2019"]
[Source "ChessBase"]
[SourceDate "2018.10.10"]
[SourceVersion "1"]
[SourceVersionDate "2018.10.10"]
[SourceQuality "1"]
[WhiteTeam "Farsta"]
[BlackTeam "Stockholm Rockaden"]
[WhiteTeamCountry "SWE"]
[BlackTeamCountry "SWE"]

1. e4 c5 2. Nf3 d6 3. Bb5+ Nd7 4. 0-0 a6 5. Bd3 Ngf6 6. Re1 e6 7. c3 b5 8. Bc2 c4 9. d4 cxd3 10. Qxd3 Bb7 11. Nbd2 Be7 12. Qe2 Rc8 13. a4 bxa4 14. Rxa4 0-0 15. e5 dxe5 16. Nxe5 Nxe5 17. Qxe5 Rc5 18. Qe2 Ra5 19. Rxa5 Qxa5 20. Qe5 Qxe5 21. Rxe5 Rd8 22. h3 Nd7 23. Re3 1/2-1/2

[Event "SWE-chT2 1112"]
[Site "Sweden"]
[Date "2011.10.23"]
[Round "2"]
[White "Backelin, Rikard"]
[Black "Gruvaeus, Curt"]
[Result "1/2-1/2"]
[WhiteElo "2352"]
[BlackElo "2247"]
[PlyCount "72"]
[EventDate "2011.10.22"]
[EventType "team-tourn"]
[EventRounds "9"]
[EventCountry "SWE"]
[SourceTitle "EXT 2013"]
[Source "ChessBase"]
[SourceDate "2012.11.22"]
[SourceVersion "1"]
[SourceVersionDate "2012.11.22"]
[SourceQuality "1"]
[WhiteTeam "Farsta"]
[BlackTeam "Orebro"]
[WhiteTeamCountry "SWE"]
[BlackTeamCountry "SWE"]

1. e4 g6 2. d4 Bg7 3. Nc3 d6 4. Nge2 b6 5. g3 c5 6. Bg2 Bb7 7. d5 Na6 8. 0-0 Nc7 9. a4 a6 10. Qd3 Nf6 11. Bg5 Nd7 12. f4 h6 13. Bh4 g5 14. fxg5 Ne5 15. Qd2 hxg5 16. Bxg5 b5 17. Rae1 b4 18. Nd1 a5 19. Ne3 Bc8 20. b3 Bg4 21. Nxg4 Nxg4 22. Qf4 Ne5 23. Qf5 Qd7 24. Qxd7+ Kxd7 25. Bf4 Raf8 26. Rd1 Ne8 27. h3 Ng6 28. Be3 Nf6 29. Nf4 Bh6 30. Rfe1 Bxf4 31. gxf4 Rfg8 32. Kf2 Nh5 33. f5 Ne5 34. Rg1 Rg3 35. Rh1 Rhg8 36. Rh2 R8g7 1/2-1/2

[Event "SWE-chT 1011"]
[Site "Sweden"]
[Date "2011.01.15"]
[Round "6"]
[White "Backelin, Rikard"]
[Black "Barkhagen, Jonas"]
[Result "1/2-1/2"]
[WhiteElo "2350"]
[BlackElo "2443"]
[PlyCount "22"]
[EventDate "2010.10.08"]
[EventType "team-tourn"]
[EventRounds "11"]
[EventCountry "SWE"]
[SourceTitle "EXT 2012"]
[Source "ChessBase"]
[SourceDate "2011.11.24"]
[SourceVersion "1"]
[SourceVersionDate "2011.11.24"]
[SourceQuality "1"]
[WhiteTeam "Farsta"]
[BlackTeam "Stockholm Rockaden"]
[WhiteTeamCountry "SWE"]
[BlackTeamCountry "SWE"]

1. e4 c5 2. Nf3 d6 3. Bb5+ Bd7 4. Bxd7+ Qxd7 5. c4 g6 6. Nc3 Bg7 7. d4 cxd4 8. Nxd4 Nc6 9. Be3 Nf6 10. f3 Rc8 11. Rc1 0-0 1/2-1/2

[Event "SWE-chT 1011"]
[Site "Sweden"]
[Date "2010.12.04"]
[Round "5"]
[White "Sagit, Rauan"]
[Black "Backelin, Rikard"]
[Result "1/2-1/2"]
[WhiteElo "2404"]
[BlackElo "2350"]
[PlyCount "98"]
[EventDate "2010.10.08"]
[EventType "team-tourn"]
[EventRounds "11"]
[EventCountry "SWE"]
[SourceTitle "EXT 2012"]
[Source "ChessBase"]
[SourceDate "2011.11.24"]
[SourceVersion "1"]
[SourceVersionDate "2011.11.24"]
[SourceQuality "1"]
[WhiteTeam "Team Viking"]
[BlackTeam "Farsta"]
[WhiteTeamCountry "SWE"]
[BlackTeamCountry "SWE"]

1. e4 e6 2. d4 d5 3. Nc3 Nf6 4. Bg5 dxe4 5. Nxe4 Nbd7 6. Bd3 h6 7. Be3 Nxe4 8. Bxe4 Nf6 9. Bf3 Bd6 10. Qd2 Nd5 11. Ne2 0-0 12. 0-0 c6 13. c4 Nxe3 14. Qxe3 a5 15. g3 a4 16. Bg2 Qa5 17. c5 Be7 18. Rab1 Bf6 19. b4 axb3 20. axb3 Qb4 21. Rfc1 Rd8 22. Rc4 Qa3 23. Nc3 Bd7 24. h4 Be8 25. Bf1 Qa5 26. Ne4 Be7 27. b4 Qc7 28. Nd2 Bf6 29. Nf3 Rd5 30. g4 Qe7 31. h5 Bg5 32. Qe4 f5 33. gxf5 exf5 34. Qxe7 Bxe7 35. Rc3 Bxh5 36. Bc4 Bf7 37. Ne5 Be6 38. Bxd5 Bxd5 39. f3 Ra2 40. b5 Bh4 41. bxc6 bxc6 42. Rd3 Bf2+ 43. Kh1 Bg3 44. Nxc6 Bxc6 45. d5 Be8 46. Re3 Bf7 47. Rd3 Rh2+ 48. Kg1 Rc2 49. d6 Bf2+ 1/2-1/2

[Event "SWE-chT 0910"]
[Site "Sweden"]
[Date "2010.02.06"]
[Round "7"]
[White "Backelin, Rikard"]
[Black "Marttala, Thomas"]
[Result "1-0"]
[WhiteElo "2342"]
[BlackElo "2226"]
[PlyCount "120"]
[EventDate "2009.10.16"]
[EventType "team"]
[EventRounds "11"]
[EventCountry "SWE"]
[SourceTitle "EXT 2011"]
[Source "ChessBase"]
[SourceDate "2010.11.26"]
[SourceVersion "1"]
[SourceVersionDate "2010.11.26"]
[SourceQuality "1"]
[WhiteTeam "Farsta"]
[BlackTeam "Upsala"]
[WhiteTeamCountry "SWE"]
[BlackTeamCountry "SWE"]

1. c4 Nf6 2. Nc3 e5 3. g3 Bb4 4. Bg2 0-0 5. e4 Nc6 6. Nge2 d6 7. 0-0 Bxc3 8. Nxc3 Be6 9. d3 Nd7 10. f4 exf4 11. gxf4 f5 12. Nd5 a5 13. Bd2 Nc5 14. Bc3 Ne7 15. b3 c6 16. Nxe7+ Qxe7 17. Qd2 a4 18. b4 Nd7 19. Rae1 Qh4 20. e5 d5 21. cxd5 cxd5 22. Qe3 Qd8 23. Bd4 Rf7 24. Rc1 Rc8 25. a3 Nf8 26. Bc5 Ng6 27. Bb6 Qe8 28. Rxc8 Qxc8 29. Rc1 Qe8 30. Rc5 Rd7 31. Qc1 Ne7 32. Bc7 Qh5 33. Bd6 h6 34. Bxe7 Rxe7 35. Qd2 Qf7 36. d4 Rd7 37. Qc2 g5 38. Qxa4 gxf4 39. Qb3 Kh7 40. Qf3 Qg8 41. Rc3 Rg7 42. Qf2 Qd8 43. Qxf4 Rg4 44. Qf2 Qg5 45. h3 Rf4 46. Qe3 Qh4 47. Rd3 Re4 48. Bxe4 dxe4 49. Rc3 Qd8 50. Kh2 Bd5 51. Rc5 b6 52. Rc1 Qh4 53. Qg3 Qg5 54. Rg1 f4 55. Qxg5 hxg5 56. Rxg5 e3 57. e6 f3 58. e7 Bc6 59. Kg3 f2 60. Rf5 Bb5 1-0

[Event "SWE-chT2 0708"]
[Site "Sweden"]
[Date "2008.02.23"]
[Round "6"]
[White "Backelin, Rikard"]
[Black "Larsson, Per"]
[Result "1/2-1/2"]
[WhiteElo "2404"]
[BlackElo "2358"]
[PlyCount "36"]
[EventDate "2007.10.20"]
[EventType "team"]
[EventRounds "9"]
[EventCountry "SWE"]
[SourceTitle "EXT 2009"]
[Source "ChessBase"]
[SourceDate "2008.11.26"]
[SourceVersion "1"]
[SourceVersionDate "2008.11.26"]
[SourceQuality "1"]
[WhiteTeam "Farsta"]
[BlackTeam "Passanten"]
[WhiteTeamCountry "SWE"]
[BlackTeamCountry "SWE"]

1. e4 c6 2. d4 d5 3. e5 Bf5 4. Nf3 e6 5. Be2 Nd7 6. 0-0 Bg6 7. Nbd2 Nh6 8. Ne1 Nf5 9. Ndf3 c5 10. c3 Qb6 11. dxc5 Bxc5 12. Nd3 Be7 13. Bf4 0-0 14. Qd2 Nh4 15. Nxh4 Bxh4 16. Be3 Qc7 17. f4 Be7 18. Bd4 Nc5 1/2-1/2

[Event "SWE-chT2 0708"]
[Site "Sweden"]
[Date "2008.02.02"]
[Round "6"]
[White "Lissang, Christopher"]
[Black "Backelin, Rikard"]
[Result "1-0"]
[WhiteElo "2289"]
[BlackElo "2404"]
[PlyCount "51"]
[EventDate "2007.10.20"]
[EventType "team"]
[EventRounds "9"]
[EventCountry "SWE"]
[SourceTitle "EXT 2009"]
[Source "ChessBase"]
[SourceDate "2008.11.26"]
[SourceVersion "1"]
[SourceVersionDate "2008.11.26"]
[SourceQuality "1"]
[WhiteTeam "Stockholm Rockaden II"]
[BlackTeam "Farsta"]
[WhiteTeamCountry "SWE"]
[BlackTeamCountry "SWE"]

1. e4 c5 2. Nf3 Nc6 3. Bb5 g6 4. 0-0 Bg7 5. c3 Nf6 6. e5 Nd5 7. d4 cxd4 8. cxd4 0-0 9. Nc3 Nc7 10. Re1 Nxb5 11. Nxb5 a6 12. Nc3 d6 13. exd6 Qxd6 14. d5 Ne5 15. Bf4 Nxf3+ 16. Qxf3 Qb4 17. Re2 Bd7 18. Rae1 Rfe8 19. Qg3 Rac8 20. Be5 Bh6 21. Ne4 Qc4 22. Qf3 Bf5 23. Bc3 Bxe4 24. Rxe4 Qxa2 25. d6 Rcd8 26. Rxe7 1-0

[Event "Rilton Cup 34th"]
[Site "Stockholm"]
[Date "2005.01.03"]
[Round "7"]
[White "Carlsson, Pontus"]
[Black "Backelin, Rikard"]
[Result "1/2-1/2"]
[WhiteElo "2360"]
[BlackElo "2304"]
[PlyCount "50"]
[EventDate "2004.12.27"]
[EventType "swiss"]
[EventRounds "9"]
[EventCountry "SWE"]
[SourceTitle "CBM 104 Extra"]
[Source "ChessBase"]
[SourceDate "2005.03.01"]
[SourceVersion "1"]
[SourceVersionDate "2005.03.01"]
[SourceQuality "1"]

1. e4 e6 2. d4 d5 3. Nd2 c5 4. exd5 Qxd5 5. Ngf3 cxd4 6. Bc4 Qd6 7. Bb3 Nc6 8. 0-0 Nf6 9. Nc4 Qc5 10. c3 Be7 11. Nxd4 Nxd4 12. cxd4 Qc7 13. Qf3 0-0 14. Bf4 Qd8 15. Rad1 Nd5 16. Ne5 a5 17. Rfe1 a4 18. Bxd5 exd5 19. a3 Bf5 20. Nd3 Be4 21. Qe3 Bxd3 22. Qxe7 Ba6 23. Bc7 Qxe7 24. Rxe7 Rfe8 25. Rde1 Bb5 1/2-1/2

[Event "SWE-chT 0405"]
[Site "Sweden"]
[Date "2005.??.??"]
[Round "7"]
[White "Berg, Emanuel"]
[Black "Backelin, Rikard"]
[Result "1-0"]
[WhiteElo "2610"]
[BlackElo "2402"]
[PlyCount "51"]
[EventDate "2004.11.05"]
[EventType "team"]
[EventRounds "11"]
[EventCountry "SWE"]
[SourceTitle "EXT 2006"]
[Source "ChessBase"]
[SourceDate "2005.11.24"]
[SourceVersion "1"]
[SourceVersionDate "2005.11.24"]
[SourceQuality "1"]
[WhiteTeam "Sollentuna"]
[BlackTeam "Farsta"]
[WhiteTeamCountry "SWE"]
[BlackTeamCountry "SWE"]

1. e4 e6 2. d4 d5 3. Nc3 Nf6 4. e5 Nfd7 5. f4 c5 6. Nf3 Nc6 7. Be3 a6 8. Qd2 b5 9. dxc5 Nxc5 10. Qf2 Nd7 11. Bd3 Be7 12. 0-0 0-0 13. Ne2 f6 14. Ned4 Nxd4 15. Nxd4 Nxe5 16. fxe5 fxe5 17. Qg3 exd4 18. Bxd4 e5 19. Rxf8+ Bxf8 20. Qxe5 Qd6 21. Qh5 g6 22. Bxg6 hxg6 23. Qh8+ Kf7 24. Re1 Be7 25. Rf1+ Bf5 26. Qxa8 1-0

[Event "Rilton Cup 34th"]
[Site "Stockholm"]
[Date "2004.12.28"]
[Round "2"]
[White "Backelin, Rikard"]
[Black "Mardell, Jimmy"]
[Result "1-0"]
[WhiteElo "2304"]
[BlackElo "2078"]
[PlyCount "45"]
[EventDate "2004.12.27"]
[EventType "swiss"]
[EventRounds "9"]
[EventCountry "SWE"]
[SourceTitle "CBM 104 Extra"]
[Source "ChessBase"]
[SourceDate "2005.03.01"]
[SourceVersion "1"]
[SourceVersionDate "2005.03.01"]
[SourceQuality "1"]

1. e4 c5 2. Nf3 d6 3. Bb5+ Bd7 4. Bxd7+ Qxd7 5. c4 Nf6 6. Nc3 g6 7. 0-0 Bg7 8. d4 cxd4 9. Nxd4 0-0 10. f3 Nc6 11. Nde2 Rfd8 12. Bg5 Ne8 13. Qd2 Nc7 14. Rfd1 Rab8 15. Rac1 Ne6 16. Be3 Qe8 17. Nd5 Rdc8 18. Nec3 Bd4 19. Nb5 Bxe3+ 20. Qxe3 a6 21. Nxd6 Qf8 22. Nxc8 Rxc8 23. f4 1-0

[Event "Politiken Cup 26th"]
[Site "Copenhagen"]
[Date "2004.07.29"]
[Round "7"]
[White "Backelin, Rikard"]
[Black "Jorgensen, Dennis"]
[Result "1-0"]
[WhiteElo "2292"]
[BlackElo "2180"]
[PlyCount "55"]
[EventDate "2004.07.24"]
[EventType "swiss"]
[EventRounds "10"]
[EventCountry "DEN"]
[SourceTitle "CBM 101 Extra"]
[Source "ChessBase"]
[SourceDate "2004.09.01"]
[SourceVersion "2"]
[SourceVersionDate "2004.09.01"]
[SourceQuality "1"]

1. e4 d6 2. d4 Nf6 3. Nc3 g6 4. Nge2 Bg7 5. g3 0-0 6. Bg2 e5 7. 0-0 Nc6 8. dxe5 dxe5 9. Bg5 Be6 10. Nd5 Bxd5 11. exd5 Ne7 12. c4 h6 13. Bd2 Nf5 14. Bc3 Re8 15. Qb3 Rb8 16. Rad1 Nd7 17. Qc2 b5 18. cxb5 Rxb5 19. Nc1 Nd6 20. b4 f5 21. Nb3 Nf8 22. a4 Rb6 23. b5 a6 24. Ba5 axb5 25. Bxb6 cxb6 26. axb5 Nxb5 27. d6 Kh7 28. Bc6 1-0

[Event "Politiken Cup 26th"]
[Site "Copenhagen"]
[Date "2004.07.27"]
[Round "5"]
[White "Backelin, Rikard"]
[Black "Brondum, Eric"]
[Result "1-0"]
[WhiteElo "2292"]
[BlackElo "2209"]
[PlyCount "93"]
[EventDate "2004.07.24"]
[EventType "swiss"]
[EventRounds "10"]
[EventCountry "DEN"]
[SourceTitle "CBM 101 Extra"]
[Source "ChessBase"]
[SourceDate "2004.09.01"]
[SourceVersion "2"]
[SourceVersionDate "2004.09.01"]
[SourceQuality "1"]

1. e4 c5 2. Nf3 d6 3. Bc4 e6 4. 0-0 Nf6 5. d3 Be7 6. c3 0-0 7. Bb3 Nc6 8. Nbd2 a6 9. Re1 b5 10. Nf1 Bb7 11. Ng3 Ne5 12. Bf4 Ng6 13. Bd2 Ne5 14. Bc2 Rc8 15. h3 Qb6 16. Nh2 Rfe8 17. f4 Ng6 18. Ng4 b4 19. Nxf6+ Bxf6 20. Nh5 Bh4 21. g3 Be7 22. Qg4 Qc6 23. a3 f5 24. Qf3 fxe4 25. dxe4 b3 26. Bxb3 c4 27. Bc2 Qb6+ 28. Be3 Qxb2 29. Qf2 Qb5 30. Qe2 Qc6 31. Qg4 Bf8 32. Rab1 d5 33. Rb6 Qc7 34. Reb1 Bc6 35. e5 Bb5 36. Bxg6 hxg6 37. Qxg6 Kh8 38. Rd6 Re7 39. Bb6 Qb7 40. Bd4 Be8 41. Rxb7 Bxg6 42. Rxe7 Bxe7 43. Rxe6 Bc5 44. Bxc5 Bf5 45. Rd6 Rxc5 46. g4 Bd3 47. e6 1-0

[Event "SWE-chT 0405"]
[Site "Sweden"]
[Date "2004.??.??"]
[Round "2"]
[White "Backelin, Rikard"]
[Black "Hector, Jonny"]
[Result "0-1"]
[WhiteElo "2394"]
[BlackElo "2637"]
[PlyCount "220"]
[EventDate "2004.11.05"]
[EventType "team"]
[EventRounds "11"]
[EventCountry "SWE"]
[SourceTitle "EXT 2006"]
[Source "ChessBase"]
[SourceDate "2005.11.24"]
[SourceVersion "1"]
[SourceVersionDate "2005.11.24"]
[SourceQuality "1"]
[WhiteTeam "Farsta"]
[BlackTeam "Limhamn"]
[WhiteTeamCountry "SWE"]
[BlackTeamCountry "SWE"]

1. Nf3 d5 2. d4 Nf6 3. c4 c6 4. cxd5 cxd5 5. Nc3 Nc6 6. Bf4 Bf5 7. e3 e6 8. Bd3 Ne4 9. Bxe4 Bxe4 10. 0-0 Bxf3 11. Qxf3 Be7 12. Rfc1 g5 13. Be5 f6 14. Qh5+ Kf8 15. Bg3 Kg7 16. Na4 Qd7 17. h4 h6 18. Nc5 Bxc5 19. Rxc5 Qf7 20. Qe2 Rad8 21. Rac1 Rd7 22. a3 Rg8 23. b4 Kh8 24. Qf3 Rg7 25. Qg4 Ne7 26. Rc7 Nf5 27. Rc8+ Kh7 28. hxg5 Rxg5 29. Qf4 Nd6 30. Qxd6 Rxd6 31. Bxd6 Qh5 32. R1c7+ Rg7 33. Rxg7+ Kxg7 34. Rc7+ Kg6 35. Rxb7 Qe2 36. Bg3 Qa6 37. Rb8 Qxa3 38. Kh2 Qc3 39. b5 Qd3 40. Rb7 Qe2 41. Rxa7 Qxb5 42. Rc7 Qe2 43. Re7 Kf5 44. Kg1 Qe1+ 45. Kh2 Qb4 46. Rh7 Kg6 47. Rd7 Qa4 48. Rc7 Qe8 49. Rc5 Kf5 50. f3 Kg6 51. Bf2 h5 52. Bg3 Qa4 53. Rc7 Qa3 54. Bf4 e5 55. dxe5 fxe5 56. Bxe5 Qxe3 57. Re7 d4 58. Bd6 Qc1 59. Re4 d3 60. Bf4 d2 61. Bxd2 Qxd2 62. Kg3 Kf5 63. Kh3 Qf2 64. Kh2 Kg5 65. Re5+ Kg6 66. Re4 Kf5 67. Kh3 Qg1 68. Kg3 Qh1 69. Rh4 Qe1+ 70. Kh3 Kg5 71. Re4 Qg1 72. Re5+ Kf4 73. Re4+ Kf5 74. Kg3 Qh1 75. Rf4+ Kg5 76. Re4 h4+ 77. Kf2 h3 78. gxh3 Qxh3 79. Rg4+ Kf5 80. Re4 Qh2+ 81. Ke3 Qg1+ 82. Ke2 Qg2+ 83. Ke3 Qf1 84. Rf4+ Ke5 85. Re4+ Kd5 86. Rd4+ Kc5 87. Re4 Qe1+ 88. Kf4 Qf2 89. Kg4 Kd6 90. Kf4 Qg1 91. Re2 Kd5 92. Rd2+ Ke6 93. Re2+ Kf6 94. Ke4 Kg5 95. Re3 Qb1+ 96. Rd3 Qe1+ 97. Kd4 Kf4 98. Kc4 Ke5 99. Rd5+ Kf4 100. Rd3 Qc1+ 101. Rc3 Qd2 102. Rd3 Qb2 103. Rc3 Qa1 104. Kb4 Ke5 105. Kc4 Qa6+ 106. Kc5 Qa5+ 107. Kc4 Qd5+ 108. Kb4 Kd4 109. Rb3 Qc5+ 110. Ka4 Kc4 0-1

[Event "SWE-chT 0304"]
[Site "Sweden"]
[Date "2004.??.??"]
[Round "6"]
[White "Backelin, Rikard"]
[Black "Larsson, Per"]
[Result "1/2-1/2"]
[WhiteElo "2380"]
[BlackElo "2333"]
[PlyCount "94"]
[EventDate "2003.10.??"]
[EventType "team"]
[EventRounds "11"]
[EventCountry "SWE"]
[SourceTitle "EXT 2005"]
[Source "ChessBase"]
[SourceDate "2004.11.15"]
[SourceVersion "1"]
[SourceVersionDate "2004.11.15"]
[SourceQuality "1"]
[WhiteTeam "Farsta"]
[BlackTeam "Passanten"]
[WhiteTeamCountry "SWE"]
[BlackTeamCountry "SWE"]

1. f4 g6 2. Nf3 Bg7 3. g3 Nf6 4. Bg2 d5 5. d3 b6 6. 0-0 Bb7 7. c4 dxc4 8. Qa4+ Nfd7 9. Qxc4 0-0 10. Nc3 c5 11. Bd2 Nc6 12. e3 Rc8 13. Rfd1 Nd4 14. exd4 cxd4 15. Qb4 dxc3 16. Bxc3 Bxc3 17. bxc3 Nf6 18. Rac1 e6 19. Qb2 Qe7 20. h3 Rfd8 21. c4 Bxf3 22. Bxf3 Ne8 23. Qe2 Qc5+ 24. Qf2 Rd4 25. Rb1 Nd6 26. Rb3 Rd8 27. Re1 Nf5 28. Re5 Qc7 29. Be4 R4d7 30. Bxf5 gxf5 31. Qe2 Qd6 32. Kh2 Kh8 33. a4 Qc7 34. Re3 Qc5 35. Re5 Qd4 36. a5 Rd6 37. h4 Kg7 38. Reb5 h6 39. Kg2 R8d7 40. Kf3 Kf8 41. Kg2 Kg8 42. axb6 axb6 43. Ra3 Kh7 44. Qf2 Qxf2+ 45. Kxf2 Rxd3 46. Rxd3 Rxd3 47. Rxb6 Rc3 1/2-1/2

[Event "SWE-chT 0203"]
[Site "Sweden"]
[Date "2003.03.01"]
[Round "8"]
[White "Backelin, Rikard"]
[Black "Sandstrom, Ludvig"]
[Result "1/2-1/2"]
[WhiteElo "2292"]
[BlackElo "2360"]
[PlyCount "45"]
[EventDate "2002.10.11"]
[EventType "team"]
[EventRounds "11"]
[EventCountry "SWE"]
[SourceTitle "EXT 2004"]
[Source "ChessBase"]
[SourceDate "2003.11.25"]
[SourceVersion "1"]
[SourceVersionDate "2003.11.25"]
[SourceQuality "1"]
[WhiteTeam "Farsta"]
[BlackTeam "Passanten"]
[WhiteTeamCountry "SWE"]
[BlackTeamCountry "SWE"]

1. Nf3 Nf6 2. c4 g6 3. Nc3 Bg7 4. e4 d6 5. d4 0-0 6. Be2 Bg4 7. 0-0 Nfd7 8. Be3 Nc6 9. Ne1 Bxe2 10. Nxe2 Na5 11. Qc2 c5 12. dxc5 dxc5 13. Rd1 Qc7 14. b3 Nc6 15. f4 Rad8 16. Nf3 b6 17. e5 e6 18. Ng5 Ne7 19. Ng3 h6 20. N5e4 f6 21. exf6 Nxf6 22. Nxf6+ Bxf6 23. Rxd8 1/2-1/2

[Event "SWE-chT 0304"]
[Site "Sweden"]
[Date "2003.??.??"]
[Round "1"]
[White "Ahlander, Bjorn"]
[Black "Backelin, Rikard"]
[Result "1/2-1/2"]
[WhiteElo "2488"]
[BlackElo "2381"]
[PlyCount "34"]
[EventDate "2003.10.??"]
[EventType "team"]
[EventRounds "11"]
[EventCountry "SWE"]
[SourceTitle "EXT 2005"]
[Source "ChessBase"]
[SourceDate "2004.11.15"]
[SourceVersion "1"]
[SourceVersionDate "2004.11.15"]
[SourceQuality "1"]
[WhiteTeam "Limhamn"]
[BlackTeam "Farsta"]
[WhiteTeamCountry "SWE"]
[BlackTeamCountry "SWE"]

1. d4 g6 2. c4 Bg7 3. Nf3 f5 4. g3 Nf6 5. Bg2 0-0 6. 0-0 d6 7. Nc3 Qe8 8. b3 h6 9. Bb2 c6 10. d5 Bd7 11. Re1 Na6 12. e4 Nxe4 13. Nd4 Nxc3 14. Bxc3 c5 15. Ne2 Bxc3 16. Nxc3 Qf7 17. Qd2 Qg7 1/2-1/2

[Event "SWE-chT 0304"]
[Site "Sweden"]
[Date "2003.??.??"]
[Round "2"]
[White "Backelin, Rikard"]
[Black "Akesson, Joel"]
[Result "0-1"]
[WhiteElo "2381"]
[BlackElo "2325"]
[PlyCount "143"]
[EventDate "2003.10.??"]
[EventType "team"]
[EventRounds "11"]
[EventCountry "SWE"]
[SourceTitle "EXT 2005"]
[Source "ChessBase"]
[SourceDate "2004.11.15"]
[SourceVersion "1"]
[SourceVersionDate "2004.11.15"]
[SourceQuality "1"]
[WhiteTeam "Farsta"]
[BlackTeam "Manhem"]
[WhiteTeamCountry "SWE"]
[BlackTeamCountry "SWE"]

1. e4 e6 2. d4 d5 3. Nd2 Nf6 4. e5 Nfd7 5. Bd3 c5 6. c3 Nc6 7. Ne2 Qb6 8. Nf3 cxd4 9. cxd4 f6 10. exf6 Nxf6 11. 0-0 Bd6 12. Nc3 0-0 13. Bg5 Kh8 14. Na4 Qc7 15. Qe2 Ng4 16. h3 Nh2 17. Nxh2 Bxh2+ 18. Kh1 Bf4 19. Qh5 g6 20. Qh6 Rf7 21. Bxg6 Bxg5 22. Qxg5 Rg7 23. Qf6 hxg6 24. Rac1 Qf7 25. Qg5 Qf5 26. Qe3 Bd7 27. Nc5 Qf6 28. Rfd1 Rf8 29. Rd2 Bc8 30. Re1 Qf4 31. Qxf4 Rxf4 32. Nxe6 Bxe6 33. Rxe6 Rxd4 34. Rxd4 Nxd4 35. Rd6 Nc6 36. Rxd5 Re7 37. Rd2 Kg7 38. h4 Kf6 39. g3 Re5 40. Kg2 Rb5 41. g4 Kg7 42. Kg3 a5 43. b3 Rb4 44. Rd7+ Kf6 45. Rc7 Nd4 46. f3 Ne6 47. Rd7 b6 48. Rb7 Nf4 49. Rc7 Nd5 50. Rc6+ Kf7 51. Rd6 Nc3 52. Rd7+ Ke6 53. Rd2 Rb5 54. Rh2 Kf6 55. h5 gxh5 56. gxh5 Kg7 57. Kg4 Kh6 58. f4 Ne4 59. Rc2 Nf6+ 60. Kf3 Nxh5 61. Rg2 Nf6 62. Ke3 Rb4 63. Rg5 Nh5 64. Rf5 Ng3 65. Rd5 Nh5 66. Rf5 Ng7 67. Rf6+ Kh7 68. f5 Kg8 69. Kd3 Ne8 70. Re6 Kf7 71. Kc3 Nc7 72. Rc6 0-1

[Event "SWE-chT 0102"]
[Site "Sweden"]
[Date "2002.03.17"]
[Round "11"]
[White "Haggstrom, Olle"]
[Black "Backelin, Rikard"]
[Result "0-1"]
[WhiteElo "2207"]
[BlackElo "2384"]
[PlyCount "50"]
[EventDate "2001.10.12"]
[EventType "team"]
[EventRounds "11"]
[EventCountry "SWE"]
[SourceTitle "EXT 2003"]
[Source "ChessBase"]
[SourceDate "2002.11.25"]
[SourceVersion "1"]
[SourceVersionDate "2002.11.25"]
[SourceQuality "1"]
[WhiteTeam "Kamraterna"]
[BlackTeam "Farsta"]
[WhiteTeamCountry "SWE"]
[BlackTeamCountry "SWE"]

1. d4 e6 2. c4 Nf6 3. Nc3 Bb4 4. f3 d5 5. a3 Bxc3+ 6. bxc3 c5 7. cxd5 exd5 8. e3 Qa5 9. Bd2 c4 10. g4 Nc6 11. Ne2 h5 12. g5 Ng8 13. h4 Nge7 14. e4 dxe4 15. fxe4 Bg4 16. Qc2 Ng6 17. Kf2 0-0 18. Ng3 f5 19. e5 Ngxe5 20. dxe5 Nxe5 21. Bg2 Nd3+ 22. Kf1 Qe5 23. Rg1 Rae8 24. Bxb7 Bh3+ 25. Bg2 Qxg3 0-1

[Event "SWE-chT 0102"]
[Site "Sweden"]
[Date "2002.02.09"]
[Round "7"]
[White "Backelin, Rikard"]
[Black "Matros, Alexander"]
[Result "1/2-1/2"]
[WhiteElo "2384"]
[BlackElo "2455"]
[PlyCount "74"]
[EventDate "2001.10.12"]
[EventType "team"]
[EventRounds "11"]
[EventCountry "SWE"]
[SourceTitle "EXT 2003"]
[Source "ChessBase"]
[SourceDate "2002.11.25"]
[SourceVersion "1"]
[SourceVersionDate "2002.11.25"]
[SourceQuality "1"]
[WhiteTeam "Farsta"]
[BlackTeam "Sollentuna"]
[WhiteTeamCountry "SWE"]
[BlackTeamCountry "SWE"]

1. c4 e5 2. Nc3 Bb4 3. g3 Bxc3 4. bxc3 d6 5. Bg2 Nc6 6. d3 Nge7 7. f4 Bd7 8. Nf3 0-0 9. 0-0 Qc8 10. Rb1 Rb8 11. e4 f5 12. fxe5 dxe5 13. exf5 Rxf5 14. Ng5 h6 15. Ne4 Rxf1+ 16. Qxf1 b6 17. Be3 Bf5 18. Rd1 Qe6 19. Rd2 Rd8 20. h3 h5 21. Kh2 Qg6 22. Qe2 Qe8 23. Bf3 Bg6 24. Bg5 Qd7 25. Kg2 Rf8 26. Bxe7 Nxe7 27. Ng5 Qf5 28. h4 Rd8 29. Bxh5 Rxd3 30. Bxg6 Rxd2 31. Qxd2 Nxg6 32. Qd8+ Nf8 33. Qd5+ Kh8 34. Nf7+ Kh7 35. Nxe5 Qc2+ 36. Kh3 Qf5+ 37. Kg2 Qc2+ 1/2-1/2